Responses for show #3313 - Wednesday, January 20, 1999

Contestants

Debra Bricker, a dance teacher from Columbia, South Carolina

Will Salvini, a music director from El Segundo, California

Rich Hendricks, a cleaning company administrator from Amherst, New York (whose 2-day cash winnings total $22,602)

Jeopardy! Round responses

SKYSCRAPERS BY CITY
(Alex: We'll tell you the skyscraper, you identify the city.)
MUSICAL WEATHER
1957
NEO LINGO
ON THE GO
A WOODLAND "P"ARADISE
    $100 14
Las Vegas

Rich
    $100 1
"Let It Snow"

Debra
    $100 11
Johnny Mathis

Will
    $100 19
infomercial

Debra
    $100 26
carts/karts

Debra
    $100 6
porcupine

Debra
    $200 15
Detroit

Will
    $200 2
"Lightning Strikes"

Rich
    $200 12
(Rich: What is Profile in Courage?)

Profiles in Courage

RichDebra
    $200 21
phone tag

Rich
    $200 27
sidewalk

Debra
    $200 7
poison ivy

Debra
    $300 16
San Francisco

Rich
    $300 3
(Debra: What is fog?)

a foggy day

Debra
Triple Stumper
    $300 13
(Debra: Who is "Big Doc" Duvalier?)

Francois "Papa Doc" Duvalier

WillDebra
    $300 22
home schooling

Debra
    $300 28
Humvee/Hummer

Rich
    $300 8
partridge

Rich
    $400 17
Minneapolis

Triple Stumper
    $400 4
"I Can See Clearly Now"

Rich
    $400 20
Dag Hammarskjold

Will
    $400 24
graphic novel

Triple Stumper
    $400 29
bicycles

Will
    $400 9
poplar

Triple Stumper
    $700 18
(Rich: What is Concord, New Hampshire?)

Nashville

Rich
    $500 5
The Grateful Dead

Triple Stumper
    $500 23
(Will: Who is Mo Vaughn?)
...
(Alex: We're talking about 1957, not 1997.)

Ted Williams

WillDebra
    $500 25
(Alex: Minute to go, Debra.)

Eco-tourism

Triple Stumper
    $500 30
(Debra: What is an engine?)
(Rich: What is locomotion?)
[Initially ruled incorrect; reversed before Double Jeopardy! because "we re-read the clue and your response of 'What is locomotion?' is perfectly acceptable, just as much as 'locomotive'."]

locomotive

RichWillDebra
    $500 10
pterodactyl

Debra

Scores at the first commercial break (after clue 14):

Rich Will Debra
$800 $400 $500

Scores at the end of the Jeopardy! Round:

Rich Will Debra
$1,400 $1,400 $1,200

Double Jeopardy! Round responses

MIDDLE AGE MEN
(Alex: What do you know about that?)
ARTISTIC WOMEN
BIG SCREEN BLOODSUCKERS
MAIN STREET U.S.A.
UNESCO
SAY IT IN ENGLISH
    $200 16
St. Francis of Assisi

Debra
    $200 1
Rolling Stone

Will
    $200 6
Bela Lugosi

Rich
    $200 21
Memphis

Rich
    $200 11
that's/such is life

RichWill
    $400 17
Johannes Gutenberg

Debra
    $400 2
ballerina

Debra
    $400 7
George Hamilton

Debra
    $400 22
Providence

Debra
    $400 27
Angkor

Triple Stumper
    $400 12
(Will: What is popular voice?)
(Alex: I'm looking at the judges, and they accept your answer)

Voice of the people

Will
    $600 18
Alfred

Rich
    $600 3
Ballet Folklorico

Debra
    $600 8
Christopher Lee

Debra
    $600 23
Emily Dickinson

Will
    $1,000 28
(Will: I'm drawing a blank)
[end-of-round signal sounds]

Afghanistan

Will
    $600 13
Go with God

Debra
    $800 19
Dante Alighieri

Debra
    $800 4
Mary Cassatt

Debra
    $800 9
The Fearless Vampire Killers

Debra
    $800 24
(Debra: What is the Chisholm Trail?)
...
(Alex: ...less than a minute to go, Will.)

the Santa Fe Trail

Debra
Triple Stumper
    $800 26
(Debra: What is Mecca?)

Fez

WillDebra
    $800 14
what will be, will be

Debra
    $1000 20
Wat Tyler

Triple Stumper
    $1000 5
Camille Claudel

Triple Stumper
    $1000 10
Catherine Deneuve

Debra
    $1000 25
Dartmouth College

Rich
    $1000 15
I came, I saw, I conquered

Rich

Scores at the end of the Double Jeopardy! Round:

Rich Will Debra
$4,600 $2,600 $7,400

[wagering suggestions for these scores]

Final Jeopardy! Round responses

U.S. STAMPS
WillWho is ?
$599
RichWho is
$4,500
DebraWho is Truman?
$1,701
George Marshall

Final scores:

Rich Will Debra
$100 $2,001 $5,699
3rd place: Direct TV Satellite 2nd place: Trip to the Hilton at Short Hills, New Jersey New champion: $5,699

Game dynamics:

Coryat scores:

Rich Will Debra
$5,300 $3,600 $7,400
14 R,
2 W
(including 1 DD)
11 R,
2 W
(including 1 DD)
23 R
(including 1 DD),
5 W

Combined Coryat: $16,300

The J! Archive is created by fans, for fans. The Jeopardy! game show and all elements thereof, including but not limited to copyright and trademark thereto, are the property of Jeopardy Productions, Inc. and are protected under law. This website is not affiliated with, sponsored by, or operated by Jeopardy Productions, Inc. Join the discussion at JBoard.tv.